Derecho internacional, OCDE y subjetivacin̤ financiera

Detalles Bibliográficos
Autor principal: Galvis Castro, Felipe A.
Formato: eBook
Lenguaje:español
Publicado: Bogot:̀ Universidad del Rosario, 2021
Materias:
Acceso en línea:Acceso restringido

MARC

LEADER 00000nam a22000007a 4500
005 2022020808348.0
007 cr|||| ||||
008 220208s2021 co |||||s|||| 00||0 spa d
020 |a 978-958-784-512-9 
035 |a 35900 
040 |a vLex 
090 |c 12934  |d 12934 
100 1 |a Galvis Castro, Felipe A. 
245 1 0 |a Derecho internacional, OCDE y subjetivacin̤ financiera  |h [Recurso electrn̤ico] /  |c Felipe A. Galvis Castro 
256 |a Servicio en ln̕ea 
260 |a Bogot:̀  |b Universidad del Rosario,  |c 2021 
300 |a 1 recurso electrn̤ico 
506 1 |a Disponible solo en los productos indicados  |d vLex Global  |d vLex Global (Academic Edition, excluding Law Schools)  |d vLex Global (U.S. Academic Edition, Law Schools)  |d vLex Global (U.S. Academic Edition, excluding Law Schools)  |d vLex Global (Academic Edition, Law Schools) 
650 0 4 |a Derecho Internacional  |z Colombia 
740 0 |a vLex Libros (Servicio en ln̕ea) 
856 4 0 |u https://app.vlex.com/#/sources/35900  |z Acceso restringido 
942 |c BOOK 
999 0 |a International right